000 00508nam a2200193 a 4500
001 1761565103302
003 YourLibrary
005 20251027170931.0
008 251027s1994##################000#0#eng##
020 _a0887375979
082 0 4 _a610.7307
_bMUN
100 1 _aMunhall, Patricia L.,
_eauthor.
245 1 0 _aRevisioning Phenomenology :
260 _bJones & Bartlett Learning,
_c1994.
300 _a350 pages
650 0 _aMedical.
942 _cENGLISH
040 _aYourLibrary
_beng
_cYourLibrary
999 _c594376
_d594376